| 000 | 00864nam a2200217 a 4500 | ||
|---|---|---|---|
| 001 | 000027623 | ||
| 005 | 20240305073654.0 | ||
| 008 | 110401s1975 dr 000 0 spa d | ||
| 040 |
_aDO-SdBNP _bspa _cBNPHU |
||
| 082 |
_a068.7293 _bR696s |
||
| 100 | 1 |
_aRodríguez Demorizi, Emilio, _d1908-1986 _b1904-1986. _91039 |
|
| 245 | 1 | 0 |
_aSociedades, cofradías, escuelas, gremios y otras corporaciones dominicanas / _cEmilio Rodríguez Demorizi. |
| 260 |
_aSanto Domingo _aEducativa Dominicana, _c1975. |
||
| 300 |
_a267 p. ; _c22 cm. |
||
| 490 | 1 |
_aAcademia Dominicana de la Historia _v35 |
|
| 590 | _aInventariado,2018/DG | ||
| 650 | 4 |
_aCorporaciones _zRepública Dominicana _954712 |
|
| 651 | 4 |
_aRepública Dominicana _xAcademias, Sociedades Doctas, Etc. _954713 |
|
| 830 | 0 |
_aAcademia Dominicana de la Historia ; _n35 _954714 |
|
| 910 | _aValidado. Control de calidad EMS | ||
| 999 |
_c27115 _d27115 |
||